000 00572nam a22001817a 4500
003 UA-OsUOA
001 18489
007 ta
008 20040518b un ||||| |||| 00| 0 ukr d
100 _aТубіна С.
942 _cSA
040 _aUA-OsUOA
_cUA-OsUOA
_dUA-OsUOA
245 _aСарненські лісівники - у трійці лідерів
_b[Про Сарнен. держлісгосп]
300 _aС.5
955 _a0
773 0 _w0
_tВісті Рівненщини
_dРівне
_d2004
_g№44/45/14 трав./
650 7 _aДержлісгоспи
_2UDC
999 _c304660
_d304660